| 000 | 01493cam a2200409 a 4500 | ||
|---|---|---|---|
| 001 | 8343 | ||
| 003 | FISKH | ||
| 005 | 20250909161858.0 | ||
| 008 | 090511s2010 maua b 000 1 eng | ||
| 010 | _a 2009016217 | ||
| 020 | _a9781846863318 | ||
| 020 | _a9781846865459 | ||
| 035 | _a15733451 | ||
| 040 |
_aDLC _cDLC _dDLC _beng |
||
| 050 | _aPZ8.K867 W | ||
| 082 | _a813.6 | ||
| 100 | 1 | _aKrebs, Laurie. | |
| 245 | 1 | 0 |
_aWe're roaming in the rainforest : _ban Amazon adventure / _cwritten by Laurie Krebs ; illustrated by Anne Wilson. |
| 260 |
_aCambridge : _bBarefoot Books, _c2010. |
||
| 300 |
_a38 unnumbered pages : _bcolor illustrations ; _c25 cm |
||
| 336 |
_atext _btxt _2rdacontent |
||
| 337 |
_aunmediated _bn _2rdamedia |
||
| 338 |
_avolume _bnc _2rdacarrier |
||
| 505 | _aL | ||
| 520 | _aRhyming verse describes the activities of many of the creatures that inhabit the Amazon rainforest. Includes facts about the animals in the book, peoples of the Amazon rainforest, and rainforest conservation. | ||
| 521 | 8 |
_a510
_bLexile estimate |
|
| 521 | 8 |
_aL
_bRaz-Plus |
|
| 650 | 1 | _aStories in rhyme. | |
| 650 | 1 |
_aRain forest animals _vFiction. |
|
| 650 | 1 |
_aRain forests _vFiction. |
|
| 651 | 1 |
_aAmazon River Region _vFiction. |
|
| 655 | 7 |
_aFiction. _2lcgft _0https://id.loc.gov/authorities/genreForms/gf2014026339 |
|
| 700 | 1 |
_aWilson, Anne, _d1974- _eillustrator |
|
| 906 |
_a7 _bcbc _corignew _d1 _eecip _f20 _gy-gencatlg |
||
| 942 |
_2ddc _cBK _n0 |
||
| 999 |
_c8343 _d8343 |
||